| 000 | 00643nam a22001457a 4500 | ||
|---|---|---|---|
| 003 | OSt | ||
| 005 | 20160323100605.0 | ||
| 008 | 160323b xxu||||| |||| 00| 0 eng d | ||
| 040 | _cRUA | ||
| 082 | _aAGR UY 2007 B470 Or.1 | ||
| 100 |
_98135 _aUY SOTHEAVY; អ៊ុយ សុធាវី |
||
| 245 | _aSmall-scale household cashew-nut production in santuk district, kampong thom province, ផលិតកម្មដំណាំស្វាយចន្ទីជាលក្ខណៈគ្រួសារក្នុងស្រុកសន្ទុក ខេត្តកំពង់ធំ | ||
| 300 |
_axiii,50p. _bill. _c29cm. |
||
| 942 |
_2ddc _cAGR |
||
| 999 |
_c7746 _d7746 |
||